[Event "WCO 2016"]
[Site "?"]
[Date "2016.09.11"]
[Round "9"]
[Board "33"]
[WhiteID "4201345"]
[White "Papaioannou Ioannis"]
[BlackID "916811"]
[Black "Solak Dragan"]
[Result "1/2-1/2"]
[BlackElo "2635"]
[WhiteElo "2631"]
[LiveChessVersion "1.4.8"]

1. e4 {[%clk 1:30:55]} c6 {[%clk 1:30:46]} 2. Nf3 {[%clk 1:30:41]} d5
{[%clk 1:31:09]} 3. d3 {[%clk 1:30:29]} g6 {[%clk 1:19:50]} 4. Nbd2
{[%clk 1:27:47]} Bg7 {[%clk 1:20:09]} 5. d4 {[%clk 1:25:41]} dxe4
{[%clk 1:14:10]} 6. Nxe4 {[%clk 1:26:04]} Nf6 {[%clk 1:08:31]} 7. Nxf6+
{[%clk 1:25:56]} Bxf6 {[%clk 1:08:54]} 8. Be2 {[%clk 1:19:34]} c5
{[%clk 0:59:53]} 9. dxc5 {[%clk 1:11:33]} Qa5+ {[%clk 0:47:45]} 10. c3
{[%clk 1:11:50]} Qxc5 {[%clk 0:48:09]} 11. O-O {[%clk 1:09:46]} O-O
{[%clk 0:47:19]} 12. Bh6 {[%clk 1:09:03]} Re8 {[%clk 0:41:17]} 13. Nd2
{[%clk 1:06:35]} Bg7 {[%clk 0:40:04]} 14. Nb3 {[%clk 1:01:38]} Qb6
{[%clk 0:34:56]} 15. Bxg7 {[%clk 0:59:56]} Kxg7 {[%clk 0:35:22]} 16. Qd4+
{[%clk 0:59:30]} e5 {[%clk 0:27:07]} 17. Qxb6 {[%clk 0:59:31]} axb6
{[%clk 0:27:34]} 18. Nd2 {[%clk 0:58:16]} Be6 {[%clk 0:27:41]} 19. Nc4
{[%clk 0:57:24]} Bxc4 {[%clk 0:26:48]} 20. Bxc4 {[%clk 0:57:40]} Nc6
{[%clk 0:24:32]} 21. Rfd1 {[%clk 0:56:32]} Red8 {[%clk 0:22:28]} 22. f3
{[%clk 0:56:19]} f5 {[%clk 0:21:27]} 23. Kf2 {[%clk 0:56:23]} Kf6
{[%clk 0:20:29]} 24. Ke2 {[%clk 0:55:41]} Ne7 {[%clk 0:15:46]} 25. a4
{[%clk 0:48:11]} h5 {[%clk 0:13:35]} 26. g3 {[%clk 0:36:24]} e4 {[%clk 0:07:56]}
27. fxe4 {[%clk 0:35:24]} fxe4 {[%clk 0:08:22]} 28. Rxd8 {[%clk 0:34:39]} Rxd8
{[%clk 0:08:48]} 29. a5 {[%clk 0:34:51]} Rc8 {[%clk 0:05:17]} 30. a6
{[%clk 0:29:31]} bxa6 {[%clk 0:05:20]} 31. Bxa6 {[%clk 0:29:53]} Ra8
{[%clk 0:04:55]} 32. Rf1+ {[%clk 0:29:51]} Nf5 {[%clk 0:04:45]} 33. Bc4
{[%clk 0:30:12]} Ra4 {[%clk 0:02:45]} 34. Bd5 {[%clk 0:29:12]} Ke5
{[%clk 0:02:18]} 35. Bf7 {[%clk 0:29:36]} Kf6 {[%clk 0:02:27]} 36. Bd5
{[%clk 0:29:43]} Ke5 {[%clk 0:02:50]} 37. Bf7 {[%clk 0:30:05]} 1/2-1/2

[Event "WCO 2016"]
[Site "?"]
[Date "2016.09.11"]
[Round "9"]
[Board "34"]
[WhiteID "14116731"]
[White "Ipatov Alexander"]
[BlackID "4202031"]
[Black "Banikas Hristos"]
[Result "1/2-1/2"]
[BlackElo "2571"]
[WhiteElo "2652"]
[LiveChessVersion "1.4.8"]

1. d4 {[%clk 1:30:29]} Nf6 {[%clk 1:30:50]} 2. c4 {[%clk 1:30:52]} g6
{[%clk 1:31:15]} 3. Nc3 {[%clk 1:31:15]} Bg7 {[%clk 1:31:37]} 4. e4
{[%clk 1:31:40]} d6 {[%clk 1:31:58]} 5. Nf3 {[%clk 1:32:06]} O-O {[%clk 1:32:18]}
6. Be2 {[%clk 1:31:50]} e5 {[%clk 1:32:41]} 7. O-O {[%clk 1:31:55]} Na6
{[%clk 1:33:05]} 8. Be3 {[%clk 1:32:02]} Qe7 {[%clk 1:32:52]} 9. c5
{[%clk 1:05:20]} exd4 {[%clk 1:32:46]} 10. cxd6 {[%clk 1:05:47]} cxd6
{[%clk 1:33:11]} 11. Bxd4 {[%clk 1:06:14]} Nc5 {[%clk 1:31:11]} 12. Re1
{[%clk 1:06:41]} Ncxe4 {[%clk 1:28:02]} 13. Bc4 {[%clk 0:50:55]} Nxc3
{[%clk 1:28:07]} 14. Rxe7 {[%clk 0:51:10]} Nxd1 {[%clk 1:28:31]} 15. Rxd1
{[%clk 0:51:38]} d5 {[%clk 1:24:03]} 16. Bb3 {[%clk 0:49:25]} a5 {[%clk 1:19:33]}
17. Ba4 {[%clk 0:48:13]} Bg4 {[%clk 1:04:55]} 18. Rxb7 {[%clk 0:47:17]} Rfb8
{[%clk 1:00:54]} 19. Rc7 {[%clk 0:40:55]} Rc8 {[%clk 0:57:05]} 20. Rxc8+
{[%clk 0:24:34]} Rxc8 {[%clk 0:56:39]} 21. Kf1 {[%clk 0:23:59]} Ne4
{[%clk 0:52:00]} 22. Bxg7 {[%clk 0:19:34]} Kxg7 {[%clk 0:51:38]} 23. Rxd5
{[%clk 0:19:55]} Nc5 {[%clk 0:42:58]} 24. Rd4 {[%clk 0:17:34]} Bf5
{[%clk 0:43:23]} 25. Bd1 {[%clk 0:15:29]} Bb1 {[%clk 0:40:44]} 26. a3
{[%clk 0:14:18]} Rb8 {[%clk 0:40:50]} 27. Rd5 {[%clk 0:12:15]} Ne4
{[%clk 0:40:02]} 28. b4 {[%clk 0:04:18]} axb4 {[%clk 0:39:54]} 29. axb4
{[%clk 0:04:47]} Rxb4 {[%clk 0:39:57]} 30. Be2 {[%clk 0:05:15]} Ba2
{[%clk 0:36:13]} 31. Rb5 {[%clk 0:05:11]} Rxb5 {[%clk 0:36:35]} 32. Bxb5
{[%clk 0:05:38]} Bd5 {[%clk 0:36:50]} 1/2-1/2

[Event "WCO 2016"]
[Site "?"]
[Date "2016.09.11"]
[Round "9"]
[Board "35"]
[WhiteID "4201990"]
[White "Mastrovasilis Athanasios"]
[BlackID "6302718"]
[Black "Yilmaz Mustafa"]
[Result "1/2-1/2"]
[BlackElo "2616"]
[WhiteElo "2555"]
[LiveChessVersion "1.4.8"]

1. d4 {[%clk 1:30:54]} Nf6 {[%clk 1:30:53]} 2. c4 {[%clk 1:31:09]} c5
{[%clk 1:31:12]} 3. Nf3 {[%clk 1:31:27]} e6 {[%clk 1:30:50]} 4. Nc3
{[%clk 1:31:31]} cxd4 {[%clk 1:30:44]} 5. Nxd4 {[%clk 1:31:53]} d5
{[%clk 1:31:07]} 6. cxd5 {[%clk 1:30:28]} Nxd5 {[%clk 1:31:31]} 7. Nxd5
{[%clk 1:12:56]} Qxd5 {[%clk 1:30:43]} 8. e3 {[%clk 1:12:54]} Bd7
{[%clk 0:57:10]} 9. Bd2 {[%clk 1:02:51]} e5 {[%clk 0:41:34]} 10. Qb3
{[%clk 0:59:11]} Qxb3 {[%clk 0:41:06]} 11. Nxb3 {[%clk 0:59:34]} Nc6
{[%clk 0:35:49]} 12. Be2 {[%clk 0:45:36]} Rc8 {[%clk 0:33:54]} 13. O-O
{[%clk 0:41:26]} Bd6 {[%clk 0:29:23]} 14. Rac1 {[%clk 0:38:52]} Be6
{[%clk 0:24:37]} 15. Nc5 {[%clk 0:23:05]} Bxc5 {[%clk 0:22:51]} 16. Rxc5
{[%clk 0:23:27]} Bxa2 {[%clk 0:22:16]} 17. Ra1 {[%clk 0:23:25]} Be6
{[%clk 0:21:29]} 18. Bb5 {[%clk 0:23:00]} O-O {[%clk 0:17:51]} 19. Bxc6
{[%clk 0:20:58]} Rxc6 {[%clk 0:14:58]} 20. Rxc6 {[%clk 0:19:58]} bxc6
{[%clk 0:15:23]} 21. Bc3 {[%clk 0:18:57]} f6 {[%clk 0:14:59]} 22. Rxa7
{[%clk 0:19:08]} Rf7 {[%clk 0:14:17]} 23. Ra8+ {[%clk 0:19:18]} Rf8
{[%clk 0:14:42]} 24. Rxf8+ {[%clk 0:19:25]} Kxf8 {[%clk 0:15:07]} 25. f4
{[%clk 0:19:30]} exf4 {[%clk 0:15:23]} 26. exf4 {[%clk 0:19:56]} Bd5
{[%clk 0:15:37]} 27. Kf2 {[%clk 0:20:17]} Ke7 {[%clk 0:16:01]} 28. g4
{[%clk 0:20:14]} g6 {[%clk 0:16:13]} 29. Ke3 {[%clk 0:20:33]} f5 {[%clk 0:16:34]}
30. gxf5 {[%clk 0:20:24]} gxf5 {[%clk 0:16:59]} 31. Be5 {[%clk 0:20:38]} 1/2-1/2

[Event "WCO 2016"]
[Site "?"]
[Date "2016.09.11"]
[Round "9"]
[Board "36"]
[WhiteID "6302181"]
[White "Can Emre"]
[BlackID "4201809"]
[Black "Halkias Stelios"]
[Result "1/2-1/2"]
[BlackElo "2565"]
[WhiteElo "2565"]
[LiveChessVersion "1.4.8"]

1. c4 {[%clk 1:30:44]} c5 {[%clk 1:29:53]} 2. Nf3 {[%clk 1:30:33]} Nf6
{[%clk 1:28:39]} 3. Nc3 {[%clk 1:30:42]} e6 {[%clk 1:28:47]} 4. d4
{[%clk 1:28:57]} cxd4 {[%clk 1:27:59]} 5. Nxd4 {[%clk 1:29:19]} Nc6
{[%clk 1:28:00]} 6. Bg5 {[%clk 1:29:42]} Qa5 {[%clk 1:19:11]} 7. Bxf6
{[%clk 1:26:23]} gxf6 {[%clk 1:18:47]} 8. Nb3 {[%clk 1:20:42]} Qe5
{[%clk 1:00:39]} 9. e3 {[%clk 1:14:18]} f5 {[%clk 0:42:13]} 10. Be2
{[%clk 1:05:56]} a6 {[%clk 0:13:02]} 11. Qd2 {[%clk 0:52:59]} Bb4
{[%clk 0:10:42]} 12. O-O {[%clk 0:49:17]} Rg8 {[%clk 0:05:30]} 13. f4
{[%clk 0:44:08]} Qd6 {[%clk 0:05:13]} 14. Qc2 {[%clk 0:39:35]} Qc7
{[%clk 0:05:01]} 15. Rad1 {[%clk 0:28:32]} Na5 {[%clk 0:03:53]} 16. Nxa5
{[%clk 0:19:47]} Qxa5 {[%clk 0:04:04]} 17. Rd3 {[%clk 0:18:45]} b5
{[%clk 0:02:58]} 18. Bf3 {[%clk 0:18:31]} bxc4 {[%clk 0:02:57]} 19. Rd4
{[%clk 0:18:59]} Rb8 {[%clk 0:02:24]} 20. Rxc4 {[%clk 0:19:09]} Ke7
{[%clk 0:02:21]} 21. a3 {[%clk 0:15:57]} Bxc3 {[%clk 0:01:53]} 22. Rxc3
{[%clk 0:16:20]} Qb6 {[%clk 0:01:35]} 23. Qf2 {[%clk 0:09:41]} f6
{[%clk 0:00:34]} 24. Qh4 {[%clk 0:08:48]} Rg7 {[%clk 0:00:47]} 25. Qh6
{[%clk 0:08:55]} Kf7 {[%clk 0:00:57]} 26. Rd1 {[%clk 0:08:22]} Qd8
{[%clk 0:00:40]} 27. e4 {[%clk 0:04:40]} fxe4 {[%clk 0:00:49]} 28. Bxe4
{[%clk 0:05:00]} f5 {[%clk 0:01:08]} 29. Bf3 {[%clk 0:04:09]} Qf6
{[%clk 0:00:36]} 30. Qh5+ {[%clk 0:03:50]} Ke7 {[%clk 0:00:37]} 31. Rdc1
{[%clk 0:03:46]} Bb7 {[%clk 0:00:45]} 32. Bxb7 {[%clk 0:03:00]} Rxb7
{[%clk 0:01:14]} 33. Rc8 {[%clk 0:03:19]} Rf7 {[%clk 0:01:15]} 34. b4
{[%clk 0:02:58]} Qd4+ {[%clk 0:01:26]} 35. Kh1 {[%clk 0:03:26]} Qxf4
{[%clk 0:01:37]} 36. R8c4 {[%clk 0:03:12]} Qe5 {[%clk 0:01:16]} 37. Qh4+
{[%clk 0:03:12]} Qf6 1/2-1/2

[Event "WCO 2016"]
[Site "?"]
[Date "2016.09.11"]
[Round "9"]
[Board "1"]
[WhiteID "12401137"]
[White "Le Quang Liem"]
[BlackID "13402935"]
[Black "Durarbayli Vasif"]
[Result "1-0"]
[BlackElo "2612"]
[WhiteElo "2723"]
[LiveChessVersion "1.4.8"]

1. d4 {[%clk 1:30:54]} Nf6 {[%clk 1:30:26]} 2. c4 {[%clk 1:31:11]} g6
{[%clk 1:30:52]} 3. Nc3 {[%clk 1:31:28]} d5 {[%clk 1:31:17]} 4. cxd5
{[%clk 1:31:43]} Nxd5 {[%clk 1:31:43]} 5. Bd2 {[%clk 1:32:02]} Bg7
{[%clk 1:25:35]} 6. e4 {[%clk 1:32:20]} Nxc3 {[%clk 1:25:15]} 7. Bxc3
{[%clk 1:32:41]} O-O {[%clk 1:18:30]} 8. Qd2 {[%clk 1:32:52]} c5 {[%clk 1:18:25]}
9. d5 {[%clk 1:33:09]} e6 {[%clk 1:16:15]} 10. Bc4 {[%clk 1:32:58]} exd5
{[%clk 1:12:54]} 11. Bxd5 {[%clk 1:33:19]} Nd7 {[%clk 1:13:22]} 12. Bxg7
{[%clk 1:32:36]} Kxg7 {[%clk 1:13:48]} 13. Qc3+ {[%clk 1:32:10]} Qf6
{[%clk 1:12:42]} 14. Ne2 {[%clk 1:30:36]} Qxc3+ {[%clk 1:05:44]} 15. Nxc3
{[%clk 1:29:50]} Nf6 {[%clk 1:06:10]} 16. O-O-O {[%clk 1:27:42]} Re8
{[%clk 1:01:41]} 17. f3 {[%clk 1:24:22]} Rb8 {[%clk 0:59:46]} 18. Bc4
{[%clk 1:16:01]} a6 {[%clk 0:55:01]} 19. a4 {[%clk 1:10:42]} Be6 {[%clk 0:55:09]}
20. b3 {[%clk 1:10:35]} Bxc4 {[%clk 0:47:24]} 21. bxc4 {[%clk 1:10:56]} Red8
{[%clk 0:47:50]} 22. Kc2 {[%clk 1:06:42]} Nd7 {[%clk 0:39:11]} 23. Kb3
{[%clk 0:41:50]} Ne5 {[%clk 0:38:41]} 24. Rxd8 {[%clk 0:41:43]} Rxd8
{[%clk 0:39:07]} 25. Nd5 {[%clk 0:42:04]} Rb8 {[%clk 0:34:56]} 26. Nb6
{[%clk 0:41:16]} Rd8 {[%clk 0:35:12]} 27. Nd5 {[%clk 0:41:14]} Rb8
{[%clk 0:34:56]} 28. Ra1 {[%clk 0:35:42]} b5 {[%clk 0:33:40]} 29. cxb5
{[%clk 0:35:06]} axb5 {[%clk 0:34:06]} 30. a5 {[%clk 0:33:47]} Nc6
{[%clk 0:30:03]} 31. a6 {[%clk 0:34:08]} Na7 {[%clk 0:30:05]} 32. e5
{[%clk 0:31:36]} Rd8 {[%clk 0:29:17]} 33. Nc3 {[%clk 0:31:20]} Rd3
{[%clk 0:24:46]} 34. Kc2 {[%clk 0:29:41]} Re3 {[%clk 0:25:06]} 35. f4
{[%clk 0:27:19]} b4 {[%clk 0:16:23]} 36. Nd5 {[%clk 0:27:32]} Re2+
{[%clk 0:16:38]} 37. Kb3 {[%clk 0:27:39]} Rd2 {[%clk 0:16:25]} 38. Kc4
{[%clk 0:26:37]} Rc2+ {[%clk 0:16:52]} 39. Kb3 {[%clk 0:26:52]} Rd2
{[%clk 0:17:03]} 40. Nb6 {[%clk 0:43:07]} Rd3+ {[%clk 0:44:12]} 41. Kb2
{[%clk 0:38:42]} Rd2+ {[%clk 0:44:10]} 42. Kb3 {[%clk 0:31:31]} Rd3+
{[%clk 0:44:30]} 43. Ka4 {[%clk 0:31:28]} h5 {[%clk 0:27:32]} 44. Nc4
{[%clk 0:28:39]} Rc3 {[%clk 0:24:39]} 45. Nd6 {[%clk 0:28:01]} Rd3
{[%clk 0:20:49]} 46. g3 {[%clk 0:22:07]} f6 {[%clk 0:17:40]} 47. exf6+
{[%clk 0:22:02]} Kxf6 {[%clk 0:17:28]} 48. Ne4+ {[%clk 0:22:24]} Kf5
{[%clk 0:16:06]} 49. Nxc5 {[%clk 0:22:46]} Rd2 {[%clk 0:16:27]} 50. Ka5
{[%clk 0:18:45]} Nc8 {[%clk 0:14:39]} 51. Rc1 {[%clk 0:18:39]} b3
{[%clk 0:14:02]} 52. Nxb3 {[%clk 0:18:46]} Ra2+ {[%clk 0:14:28]} 53. Kb5
{[%clk 0:18:21]} Nd6+ {[%clk 0:14:35]} 54. Kb6 {[%clk 0:18:34]} Rxh2
{[%clk 0:13:48]} 55. a7 {[%clk 0:18:38]} Ra2 {[%clk 0:14:15]} 56. Na5
{[%clk 0:18:45]} 1-0

[Event "WCO 2016"]
[Site "?"]
[Date "2016.09.11"]
[Round "9"]
[Board "2"]
[WhiteID "13402960"]
[White "Abasov Nijat"]
[BlackID "12401110"]
[Black "Nguyen Ngoc Truong Son"]
[Result "1/2-1/2"]
[BlackElo "2633"]
[WhiteElo "2552"]
[LiveChessVersion "1.4.8"]

1. d4 {[%clk 1:30:57]} Nf6 {[%clk 1:30:48]} 2. c4 {[%clk 1:31:22]} e6
{[%clk 1:31:04]} 3. Nf3 {[%clk 1:31:27]} d5 {[%clk 1:31:23]} 4. Nc3
{[%clk 1:31:53]} Be7 {[%clk 1:31:43]} 5. Bf4 {[%clk 1:32:15]} O-O
{[%clk 1:32:04]} 6. e3 {[%clk 1:32:42]} Nbd7 {[%clk 1:32:23]} 7. a3
{[%clk 1:32:53]} c5 {[%clk 1:32:20]} 8. cxd5 {[%clk 1:32:41]} Nxd5
{[%clk 1:32:38]} 9. Nxd5 {[%clk 1:33:04]} exd5 {[%clk 1:33:04]} 10. dxc5
{[%clk 1:33:02]} Nxc5 {[%clk 1:33:27]} 11. Be5 {[%clk 1:31:07]} Bg4
{[%clk 1:27:00]} 12. Be2 {[%clk 1:27:42]} Ne6 {[%clk 1:15:50]} 13. Nd4
{[%clk 1:15:33]} Bxe2 {[%clk 1:14:51]} 14. Qxe2 {[%clk 1:15:46]} Bf6
{[%clk 1:11:42]} 15. Bxf6 {[%clk 1:09:12]} Qxf6 {[%clk 1:12:03]} 16. Rd1
{[%clk 1:05:45]} Nxd4 {[%clk 1:11:51]} 17. Rxd4 {[%clk 1:06:09]} Qxd4
{[%clk 1:12:13]} 18. exd4 {[%clk 1:06:35]} Rfe8 {[%clk 1:12:37]} 19. Qxe8+
{[%clk 1:05:51]} Rxe8+ {[%clk 1:12:52]} 20. Kd2 {[%clk 1:06:19]} Rc8
{[%clk 1:11:37]} 21. Re1 {[%clk 1:05:57]} Kf8 {[%clk 1:11:59]} 22. Re5
{[%clk 1:06:21]} Rd8 {[%clk 1:12:27]} 23. Re3 {[%clk 1:06:34]} b6
{[%clk 1:07:04]} 24. Rc3 {[%clk 1:02:06]} Ke7 {[%clk 1:07:13]} 25. Rc7+
{[%clk 1:02:27]} Rd7 {[%clk 1:07:33]} 26. Rc6 {[%clk 1:02:52]} Rd6
{[%clk 1:07:58]} 27. Rc7+ {[%clk 1:03:18]} Rd7 {[%clk 1:08:25]} 28. Rc6
{[%clk 1:03:42]} Rd6 {[%clk 1:08:51]} 29. Rc7+ {[%clk 1:04:07]} Rd7
{[%clk 1:09:18]} 30. Rc6 {[%clk 1:03:05]} Rd6 {[%clk 1:09:41]} 1/2-1/2

[Event "WCO 2016"]
[Site "?"]
[Date "2016.09.11"]
[Round "9"]
[Board "3"]
[WhiteID "12404675"]
[White "Nguyen Anh Khoi"]
[BlackID "13401378"]
[Black "Guseinov Gadir"]
[Result "1/2-1/2"]
[BlackElo "2625"]
[WhiteElo "2448"]
[LiveChessVersion "1.4.8"]

1. d4 {[%clk 1:30:59]} Nf6 {[%clk 1:30:56]} 2. c4 {[%clk 1:31:25]} g6
{[%clk 1:31:21]} 3. Nc3 {[%clk 1:31:50]} Bg7 {[%clk 1:31:45]} 4. e4
{[%clk 1:32:15]} d6 {[%clk 1:32:12]} 5. h3 {[%clk 1:32:38]} O-O {[%clk 1:32:32]}
6. Nf3 {[%clk 1:33:04]} e5 {[%clk 1:32:53]} 7. d5 {[%clk 1:33:30]} Nh5
{[%clk 1:33:14]} 8. g3 {[%clk 1:33:53]} Na6 {[%clk 1:33:36]} 9. a3
{[%clk 1:34:17]} f5 {[%clk 1:31:59]} 10. exf5 {[%clk 1:31:43]} gxf5
{[%clk 1:31:46]} 11. Nh4 {[%clk 1:28:25]} Qe8 {[%clk 1:14:26]} 12. Be2
{[%clk 1:26:31]} Nf6 {[%clk 1:14:43]} 13. g4 {[%clk 1:20:35]} f4 {[%clk 0:59:35]}
14. Qc2 {[%clk 1:18:46]} Kh8 {[%clk 0:53:04]} 15. Rg1 {[%clk 1:02:57]} Bd7
{[%clk 0:39:52]} 16. g5 {[%clk 0:55:46]} Ng8 {[%clk 0:39:55]} 17. Ne4
{[%clk 0:54:05]} Nc5 {[%clk 0:36:10]} 18. Bg4 {[%clk 0:38:06]} Nxe4
{[%clk 0:26:52]} 19. Qxe4 {[%clk 0:38:20]} Ne7 {[%clk 0:26:34]} 20. Bd2
{[%clk 0:35:16]} b5 {[%clk 0:24:03]} 21. c5 {[%clk 0:25:34]} dxc5
{[%clk 0:19:19]} 22. O-O-O {[%clk 0:22:24]} Nc8 {[%clk 0:15:07]} 23. Qc2
{[%clk 0:15:58]} Nd6 {[%clk 0:12:54]} 24. Rde1 {[%clk 0:12:11]} b4
{[%clk 0:09:29]} 25. axb4 {[%clk 0:10:31]} cxb4 {[%clk 0:09:38]} 26. Bxb4
{[%clk 0:10:23]} Rb8 {[%clk 0:07:44]} 27. Bc3 {[%clk 0:09:54]} Ba4
{[%clk 0:05:02]} 28. Qe2 {[%clk 0:09:21]} e4 {[%clk 0:03:38]} 29. Qd2
{[%clk 0:08:01]} Qe7 {[%clk 0:03:57]} 30. Nf3 {[%clk 0:03:30]} Rb3
{[%clk 0:02:53]} 31. Nd4 {[%clk 0:02:19]} Nc4 {[%clk 0:02:14]} 32. Qc2
{[%clk 0:02:34]} Ra3 {[%clk 0:01:45]} 33. b3 {[%clk 0:02:07]} Rxb3
{[%clk 0:00:41]} 34. Nxb3 {[%clk 0:02:06]} Qa3+ {[%clk 0:01:06]} 35. Kb1
{[%clk 0:02:13]} Bxb3 {[%clk 0:00:37]} 36. Bxg7+ {[%clk 0:02:37]} Kxg7
{[%clk 0:01:04]} 37. Qc3+ {[%clk 0:02:43]} Kg6 {[%clk 0:00:58]} 38. Rxe4
{[%clk 0:02:12]} Qa2+ {[%clk 0:01:06]} 39. Kc1 {[%clk 0:02:40]} Qa3+
{[%clk 0:01:10]} 40. Kb1 {[%clk 0:33:04]} Qa2+ {[%clk 0:30:50]} 41. Kc1
{[%clk 0:33:32]} Qa3+ {[%clk 0:20:21]} 1/2-1/2

[Event "WCO 2016"]
[Site "?"]
[Date "2016.09.11"]
[Round "9"]
[Board "4"]
[WhiteID "13400363"]
[White "Guliyev Namig"]
[BlackID "12400084"]
[Black "Dao Thien Hai"]
[Result "1/2-1/2"]
[BlackElo "2486"]
[WhiteElo "2577"]
[LiveChessVersion "1.4.8"]

1. e4 {[%clk 1:27:39]} c5 {[%clk 1:30:16]} 2. Nf3 {[%clk 1:28:04]} d6
{[%clk 1:30:39]} 3. Bb5+ {[%clk 1:28:29]} Nd7 {[%clk 1:27:21]} 4. d4
{[%clk 1:28:51]} cxd4 {[%clk 1:27:45]} 5. Qxd4 {[%clk 1:29:14]} a6
{[%clk 1:28:09]} 6. Bxd7+ {[%clk 1:29:40]} Bxd7 {[%clk 1:28:33]} 7. c4
{[%clk 1:30:01]} e5 {[%clk 1:25:23]} 8. Qd3 {[%clk 1:29:40]} b5 {[%clk 1:25:36]}
9. Na3 {[%clk 1:28:44]} Qb8 {[%clk 1:13:34]} 10. O-O {[%clk 1:28:36]} Qb7
{[%clk 1:12:30]} 11. Re1 {[%clk 1:26:34]} Bc6 {[%clk 1:09:28]} 12. b3
{[%clk 1:22:45]} Nf6 {[%clk 1:08:28]} 13. Nd2 {[%clk 1:23:12]} Be7
{[%clk 1:08:38]} 14. Nc2 {[%clk 1:23:35]} O-O {[%clk 1:08:23]} 15. Ba3
{[%clk 1:23:46]} Rfd8 {[%clk 1:08:14]} 16. Nb4 {[%clk 1:23:43]} Be8
{[%clk 1:08:07]} 17. Nf1 {[%clk 1:22:39]} a5 {[%clk 1:00:49]} 18. Nc2
{[%clk 1:23:04]} Bc6 {[%clk 0:55:24]} 19. f3 {[%clk 1:23:04]} Nh5
{[%clk 0:55:03]} 20. Nfe3 {[%clk 1:19:59]} Nf4 {[%clk 0:52:56]} 21. Qd2
{[%clk 1:19:08]} g6 {[%clk 0:53:03]} 22. g3 {[%clk 1:14:49]} Ne6 {[%clk 0:50:38]}
23. Nd5 {[%clk 1:15:07]} Bg5 {[%clk 0:49:26]} 24. Qf2 {[%clk 1:14:53]} b4
{[%clk 0:44:28]} 25. Bb2 {[%clk 1:14:35]} Bxd5 {[%clk 0:40:52]} 26. cxd5
{[%clk 1:14:13]} Nc5 {[%clk 0:41:13]} 27. Rad1 {[%clk 1:14:09]} Be7
{[%clk 0:39:28]} 28. f4 {[%clk 1:09:15]} f6 {[%clk 0:39:36]} 29. f5
{[%clk 1:09:11]} a4 {[%clk 0:38:04]} 30. Qf3 {[%clk 1:08:28]} axb3
{[%clk 0:38:10]} 31. axb3 {[%clk 1:08:46]} Ra2 {[%clk 0:38:35]} 32. Rb1
{[%clk 1:08:19]} gxf5 {[%clk 0:38:08]} 33. exf5 {[%clk 1:08:09]} Kh8
{[%clk 0:38:16]} 34. Kg2 {[%clk 1:02:47]} Rc8 {[%clk 0:35:55]} 35. Kh3
{[%clk 1:00:26]} Na4 {[%clk 0:25:47]} 36. Ne3 {[%clk 0:54:08]} Nxb2
{[%clk 0:19:57]} 37. Re2 {[%clk 0:54:01]} Qa7 {[%clk 0:19:06]} 38. Rbxb2
{[%clk 0:53:55]} Rxb2 {[%clk 0:19:32]} 39. Rxb2 {[%clk 0:54:12]} Rc3
{[%clk 0:19:58]} 40. Re2 {[%clk 1:24:01]} Bf8 {[%clk 0:48:13]} 41. Qe4
{[%clk 1:22:03]} Rxb3 {[%clk 0:44:10]} 42. Ng4 {[%clk 1:21:47]} Qf7
{[%clk 0:43:02]} 43. Rd2 {[%clk 1:18:28]} Qh5+ {[%clk 0:39:53]} 44. Kg2
{[%clk 1:18:40]} Qg5 {[%clk 0:39:56]} 45. Re2 {[%clk 1:16:34]} h5
{[%clk 0:37:37]} 46. Nf2 {[%clk 1:14:47]} Kh7 {[%clk 0:36:13]} 47. Qc4
{[%clk 1:11:02]} Rb1 {[%clk 0:36:14]} 48. Qc7+ {[%clk 1:08:58]} Bg7
{[%clk 0:34:53]} 49. Qd7 {[%clk 1:00:26]} Qc1 {[%clk 0:27:10]} 50. Qf7
{[%clk 0:58:29]} Qf1+ {[%clk 0:20:01]} 51. Kf3 {[%clk 0:58:55]} Rb3+
{[%clk 0:19:55]} 52. Re3 {[%clk 0:59:10]} e4+ {[%clk 0:10:33]} 53. Kxe4
{[%clk 0:59:29]} Qg2+ {[%clk 0:10:58]} 54. Kd4 {[%clk 0:59:31]} Qxf2
{[%clk 0:10:59]} 55. Qxh5+ {[%clk 0:59:29]} Kg8 {[%clk 0:11:03]} 56. Qe8+
{[%clk 0:59:49]} 1/2-1/2

[Event "WCO 2016"]
[Site "?"]
[Date "2016.09.11"]
[Round "9"]
[Board "5"]
[WhiteID "13900048"]
[White "Bologan Victor"]
[BlackID "912417"]
[Black "Ivanisevic Ivan"]
[Result "1/2-1/2"]
[BlackElo "2650"]
[WhiteElo "2648"]
[LiveChessVersion "1.4.8"]

1. e4 {[%clk 1:30:57]} e5 {[%clk 1:30:54]} 2. Nf3 {[%clk 1:31:22]} Nc6
{[%clk 1:31:20]} 3. Bc4 {[%clk 1:31:48]} Nf6 {[%clk 1:31:45]} 4. Ng5
{[%clk 1:32:14]} d5 {[%clk 1:32:08]} 5. exd5 {[%clk 1:32:38]} Na5
{[%clk 1:32:33]} 6. Bb5+ {[%clk 1:33:03]} c6 {[%clk 1:32:56]} 7. dxc6
{[%clk 1:33:30]} bxc6 {[%clk 1:33:20]} 8. Be2 {[%clk 1:33:56]} h6
{[%clk 1:31:46]} 9. Nh3 {[%clk 1:34:20]} g5 {[%clk 1:30:05]} 10. d3
{[%clk 1:31:33]} Bg7 {[%clk 1:30:16]} 11. Ng1 {[%clk 1:29:26]} O-O
{[%clk 1:25:31]} 12. Nf3 {[%clk 1:23:58]} e4 {[%clk 1:22:02]} 13. dxe4
{[%clk 1:24:03]} Qxd1+ {[%clk 1:17:38]} 14. Bxd1 {[%clk 1:23:43]} Ba6
{[%clk 1:13:03]} 15. Nfd2 {[%clk 1:17:05]} Rae8 {[%clk 0:58:47]} 16. Nc3
{[%clk 1:05:36]} Nb7 {[%clk 0:55:05]} 17. Be2 {[%clk 1:03:55]} Bxe2
{[%clk 0:50:28]} 18. Kxe2 {[%clk 1:04:19]} Nd5 {[%clk 0:48:43]} 19. Nxd5
{[%clk 1:02:09]} cxd5 {[%clk 0:49:07]} 20. Rd1 {[%clk 0:49:09]} dxe4
{[%clk 0:43:12]} 21. Nb3 {[%clk 0:41:58]} f5 {[%clk 0:42:25]} 22. Be3
{[%clk 0:37:05]} Bxb2 {[%clk 0:40:07]} 23. Rab1 {[%clk 0:37:23]} Be5
{[%clk 0:40:31]} 24. Bxa7 {[%clk 0:26:31]} Nd6 {[%clk 0:38:48]} 25. a4
{[%clk 0:25:10]} Nc4 {[%clk 0:36:03]} 26. Bc5 {[%clk 0:17:12]} Rf6
{[%clk 0:33:24]} 27. Rd5 {[%clk 0:14:08]} f4 {[%clk 0:22:05]} 28. Nd2
{[%clk 0:12:16]} f3+ {[%clk 0:20:08]} 29. gxf3 {[%clk 0:08:01]} exf3+
{[%clk 0:20:33]} 30. Nxf3 {[%clk 0:06:31]} Bd4+ {[%clk 0:13:47]} 31. Kd3
{[%clk 0:05:49]} Bxc5 {[%clk 0:13:52]} 32. Kxc4 {[%clk 0:05:26]} Bxf2
{[%clk 0:11:50]} 33. Nd4 {[%clk 0:02:16]} Rc8+ {[%clk 0:09:26]} 34. Rc5
{[%clk 0:01:33]} Rxc5+ {[%clk 0:05:26]} 35. Kxc5 {[%clk 0:02:00]} g4
{[%clk 0:05:51]} 36. Kd5 {[%clk 0:01:08]} h5 {[%clk 0:02:46]} 37. Ne6
{[%clk 0:01:02]} Rf5+ {[%clk 0:02:17]} 38. Ke4 {[%clk 0:00:54]} Ra5
{[%clk 0:02:39]} 39. Rb4 {[%clk 0:01:01]} Kf7 {[%clk 0:02:06]} 40. Nf4
{[%clk 0:31:10]} h4 {[%clk 0:31:50]} 41. Nd3 {[%clk 0:15:56]} g3 {[%clk 0:25:11]}
42. hxg3 {[%clk 0:16:07]} Bxg3 {[%clk 0:25:25]} 43. Kf3 {[%clk 0:15:54]} Ke6
{[%clk 0:25:16]} 44. Kg4 {[%clk 0:13:02]} 1/2-1/2